000 00694nam a2200193Ia 4500
005 20251020182559.0
008 200515s9999 xx 000 0 und d
082 _aSC/331.0111/O65/1981
110 _aOIT
245 0 _aConciliación y arbitraje en los conflictos de trabajo : estudio comparativo
260 _aGinebra
260 _c1981
300 _a191
520 _aAnálisis comparativos publicados por la OIT sobre los sistemas de negociación colectiva y que sirve de base conceptual a las guías prácticas sobre la conciliación y el arbitraje de las reclamaciones en orden laboral
650 _aARBITRAJE
650 _aNEGOCIACION COLETIVA
650 _aPUB OIT
942 _cLIB
999 _c2980
_d2980